000
00313nam a22001337a 4500
008
180301b xxu||||| |||| 00| 0 eng d
020
_a
9780873674782
041
_a
eng
080
_a
316
100
_a
50
101
_a
SOC
245
_a
Women in Cross-Cultural Transitions
_c
Bystydzienski, J.M
942
_2
udc
_c
BK
999
_c
43771
_d
43771